Women and environments

Detalles Bibliográficos
Nuevo Título:WE international
Título anterior:Women and environments international newsletter
Autor Corporativo: WEED Foundation
Formato: Electrónico Revista
Lenguaje:inglés
Publicado: [Downsview, Ont.] : Excalibur Publications, [1980-1997]
Materias:
Acceso en línea:Full text available from Research Library: 01/01/1989 to 12/31/1997

MARC

LEADER 00000nas a2200000 a 4500
001 ssj0000967
003 WaSeSS
005 20200512172242.0
006 m d
007 cr n
008 811201d19801997oncqx p s 0 a0eng
010 |a  93660598   |z cn 81030453  
015 |a 810304538  |2 can 
016 7 |a 101088488  |2 DNLM 
016 |a (AMICUS)000002390398 
016 |a 810304538 
022 |l 0229-480X  |y 0229-480X 
035 |a (WaSeSS)ssj0000967 
040 |a NLC  |b eng  |c NLC  |d NST  |d OCL  |d NST  |d NLC  |d NST  |d NSD  |d NST  |d NSD  |d NST  |d NLC  |d NST  |d IUL  |d NST  |d DLC  |d NLC  |d DLC  |d WAU  |d TJC  |d WAU  |d HUL  |d IUL  |d DLC  |d GUA  |d NLM  |d OCLCQ  |d OCLCF  |d OCLCO  |d OCLCQ  |d QE2  |d WaSeSS 
042 |a nlc  |a isds/c  |a pcc 
050 0 0 |a HQ1233  |b .W58 
055 0 1 |a HQ1101 
082 0 0 |a 305.4/05  |2 20 
210 0 |a Women environ. 
222 0 |a Women and environments 
245 0 0 |a Women and environments  |h [electronic resource]. 
246 1 |i Title varies slightly:  |a Women & environments  |f <fall/winter 1997-> 
260 |a [Downsview, Ont.] :  |b Excalibur Publications,  |c [1980-1997] 
310 |a Quarterly (irregular),  |b <1991>-1997 
321 |a Three no. a year,  |b 1980- 
362 0 |a Vol. 4, no. 1/2 (June 1980)-v. 14, no. 2 (spring 1995) ; issue no. 38 (spring 1996)-issue no. 41 (winter 1997). 
500 |a Title from cover. 
506 |a License restrictions may limit access. 
515 |a Some nos. issued in combined form. 
550 |a Imprint varies, <1991>-1997: Toronto, Ont. : WEED Foundation. 
650 0 |a Ecofeminism  |v Periodicals. 
650 0 |a Women  |v Periodicals. 
650 0 |a Human ecology  |v Periodicals. 
650 6 |a Femmes  |v Périodiques. 
650 7 |a Ecofeminism.  |2 fast  |0 (OCoLC)fst00901429 
650 7 |a Human ecology.  |2 fast  |0 (OCoLC)fst00962941 
650 7 |a Women.  |2 fast  |0 (OCoLC)fst01176568 
655 0 |a Electronic journals. 
710 2 |a WEED Foundation. 
780 0 0 |t Women and environments international newsletter  |x 0229-4796  |w (DLC)cn 81030452  |w (OCoLC)7966483  |w (CaOONL)81030452X 
785 0 0 |t WE international  |w (DLC) 98641598  |w (OCoLC)38013036 
850 |a AAP  |a C  |a CLU  |a CU  |a CU-I  |a CaNSH  |a CaOLU  |a CaOONL  |a CaOTU  |a CaOWtU  |a CaQMU  |a CoU  |a DLC  |a DeU  |a GU  |a ICarbS  |a IEN  |a IaU  |a InLP  |a InU  |a KMK  |a MCM  |a MH-SD  |a MiDW  |a MiU  |a MnU  |a NIC  |a NN  |a NNC  |a NcU  |a NjP  |a NjR  |a OCU  |a OrCS  |a OrU  |a PPiU  |a PU  |a UU  |a ViBlbV  |a WaU  |a WyU 
856 4 0 |z Full text available from Research Library: 01/01/1989 to 12/31/1997  |u https://search.proquest.com/publication/27166